| 000 | 00446nam a2200193Ia 4500 | ||
|---|---|---|---|
| 003 | OSt | ||
| 005 | 20260331123120.0 | ||
| 008 | 250729s2005 xx 000 0 und d | ||
| 020 | _a978-8171084081 | ||
| 040 | _cAL | ||
| 041 | _aeng | ||
| 082 | _a370.5 CYRM | ||
| 100 |
_aCyriac Vally _9230731 |
||
| 245 | _aMy values | ||
| 260 |
_aAjmer _bBetter Your Self Books _c2005 |
||
| 300 | _a84p | ||
| 650 |
_aEducation _9230732 |
||
| 942 |
_2ddc _cBED |
||
| 999 |
_c238928 _d238928 |
||